Estatísticas para Candidatos à presidência do Brasil nas eleições de 1998

Clique aqui para jogar o quiz

Estatísticas Gerais

  • Esse quiz foi jogado 36 vezes
  • A pontuação média é 6 de 12

Estatísticas das Respostas

PartidoCandidato% Correto
PRONAEnéas Carneiro
93%
PTLuiz Inácio Lula da Silva
93%
PSDBFernando Henrique Cardoso
90%
PPSCiro Gomes
77%
PSDCJosé Maria Eymael
77%
PSTUJosé Maria de Almeida
60%
PVAlfredo Sirkis
37%
PTdoBJoão de Deus
33%
PTNThereza Ruiz
23%
PSCSérgio Bueno
13%
PSNVasco Azevedo Neto
10%
PMNIvan Frotta
3%

Distribuição das Pontuações

Percentil de Números Respondidos

Porcentagem de Pessoas com Cada Pontuação

Sua Pontuação Histórica

Você não jogou esse quiz